Os de la Main et du Poignet - Statistiques

Statistiques générales
  • Ce quiz a été pris 2 457 fois
  • Le résultat moyen est 9 sur 14
Réponses sur la Carte
Les réponses sont colorées sur une échelle allant du rouge au vert en fonction du pourcentage des utilisateurs qui les ont devinées à leur premier essai. Vous pouvez retrouver ces pourcentages ci-dessous.
 
Statistiques - réponses
Réponse % Correct
Radius
83%
Ulna
74%
Métacarpiens
73%
Trapèze
65%
Phalanges distales
64%
Phalanges proximales
64%
Trapézoïde
63%
Scaphoïde
58%
Phalanges intermédiaires
57%
Lunatum
56%
Pisiforme
55%
Hamatum
53%
Capitatum
52%
Triquetrum
48%
Aucun quiz correspondant
Distribution des résultats
% des personnes avec chaque résultat
Percentile par nombre de réponses
Votre historique - résultats
Vous n’avez pas pris ce quiz